000 00718nam a2200241Ia 4500
003 OSt
005 20221007081809.0
006 a|||||r|||| 00| 0
007 ta
008 221006b |||||||| |||| 00| 0 eng d
024 _a28,198
037 _cTextual
040 _aFLL
_cFLL
_beng
041 _2eng
_aeng
082 _aZ73:5, L3
100 _aHartinger Walter
_9698066
245 0 _aCorrection
_b a component of the criminal justice system
260 _aPacific
_bPalisades Goodyear Publishing Company , Inc. California
_c1973
300 _axiii,365p
_ccm.
700 _a Eldefonso Edward
942 _hZ73:5, L3
_cTEXL
_2CC
999 _c1164303
_d1164303